00830nam a2200241 i 450000100060000000300090000600500170001500700030003200800410003502000180007608000120009410000380010624501230014425000120026726000330027930000300031249000140034265000380035683000220039485200330041699900170044995201220046673411ES-MaACL20230906171809.0t|041008s2004 sp ||||1| spa d a84-95028-38-7 a613.9531 aVitoria Miñana, Isidro.911552310aCuidados del bebé b: mitos y errores : libro práctico para padres y abuelos actuales / cIsidro Vitoria Miñana. a1ª ed. aMadrid : bExlibris, c2004. a256 p. : bil. ; c22 cm.1 aPediatria aNiños-xSalud e higiene.9155570 aPediatria9231169 aES-MaACLjL-28197 bR.133935 c73411d73411 00104070aATENEOMbATENEOMcDEPO2d2008-01-17eSCl0oL-28197p1076842r2023-02-23 00:00:00w2023-02-23yMONOGRAFIA